Bringing equality home: (Record no. 3139)
[ view plain ]
| 000 -LEADER | |
|---|---|
| fixed length control field | 006450000a22001690004500 |
| 008 - FIXED-LENGTH DATA ELEMENTS--GENERAL INFORMATION | |
| fixed length control field | 230817t ||||| |||| 00| 0 eng d |
| 020 ## - ISBN | |
| ISBN | 0912917512 |
| 082 ## - DEWEY DECIMAL CLASSIFICATION NUMBER | |
| Classification number | 305.4 |
| Item number | BRI |
| 942 ## - ADDED ENTRY ELEMENTS (KOHA) | |
| Item Type | Reports |
| 700 ## - ADDED ENTRY--PERSONAL NAME | |
| Personal name | Landsberg-Lewis, Ilana |
| Relator Term | editor |
| 245 ## - TITLE STATEMENT | |
| Title | Bringing equality home: |
| Sub Title | implementing the convention on the ellimination of all forms of discrimination against women |
| 260 ## - PUBLICATION, DISTRIBUTION, ETC. (IMPRINT) | |
| Place of Publication | New York: |
| Name of Publisher | United Nations development fund for women, |
| Date of Copyright | 1998 |
| 300 ## - PHYSICAL DESCRIPTION | |
| Extent | 45 p. : ill. |
| Physical Details | Bibliography included |
| 856 ## - ELECTRONIC LOCATION AND ACCESS | |
| Uniform Resource Identifier | <a href="https://iknowpolitics.org/sites/default/files/bringingequalityhome_eng.pdf">https://iknowpolitics.org/sites/default/files/bringingequalityhome_eng.pdf</a> |
| 650 ## - SUBJECT ADDED ENTRY--TOPICAL TERM | |
| Topical Term | WOMEN'S RIGHTS |
| 650 ## - SUBJECT ADDED ENTRY--TOPICAL TERM | |
| Topical Term | Gender discrimination |
| Withdrawn status | Lost status | Source of classification or shelving scheme | Damaged status | Not for loan | Permanent location | Current location | Date acquired | Total Checkouts | Full call number | Barcode | Date last seen | Price effective from | Koha item type |
|---|---|---|---|---|---|---|---|---|---|---|---|---|---|
| Dewey Decimal Classification | Resource center, Muslim Women's Research And Action Forum | Resource center, Muslim Women's Research And Action Forum | 2023-08-17 | 305.4 BRI | RAF3908 | 2023-08-17 | 2023-08-17 | Books |

